|
|
|
|
| LEADER |
00000cas a2200000 a 4500 |
| 001 |
vtls008934603 |
| 003 |
SK-MaSNL |
| 005 |
20260228163546.0 |
| 008 |
070111d20062008xo qr p r 0 b0slo |
| 022 |
|
|
|a 1337-0637
|
| 035 |
|
|
|a (SVKBB)vtls000254688
|
| 040 |
|
|
|a SVKBB
|b slo
|c SVKBB
|d SNK
|e AACR2
|
| 041 |
0 |
|
|a slo
|
| 044 |
|
|
|a xo
|c SK
|
| 072 |
|
7 |
|a 615
|x Farmácia. Farmakológia
|2 konspekt
|
| 080 |
|
|
|a 616-053.2
|2 2011
|
| 080 |
|
|
|a 050
|2 2011
|
| 080 |
|
|
|a (085.3)
|2 2011
|
| 080 |
|
|
|a (036)
|2 2011
|
| 245 |
0 |
0 |
|a Novinky Detskej fakultnej nemocnice s poliklinikou Banská Bystrica
|b nezávislý štvrťročník
|
| 260 |
|
|
|a Banská Bystrica
|b Detská fakultná nemocnica s poliklinikou
|c [2006]-2008
|
| 300 |
|
|
|a zv.
|c 30 cm
|
| 310 |
|
|
|a 4x ročne
|
| 362 |
0 |
|
|a Roč. 1, č. 1 (2006) - roč. 3, č. 3 (2008)
|
| 500 |
|
|
|a Šéfredaktor: 1/2006-1/2008, Ladislav Laho ; 2/2008-3/2008, Ján Nosko
|
| 500 |
|
|
|a Reg. číslo: Ministerstvo kultúry SK č. 3671/2006
|
| 500 |
|
|
|a Evidenčné číslo: EV 2302/08
|
| 610 |
2 |
7 |
|a Detská fakultná nemocnica s poliklinikou (Banská Bystrica, Slovensko)
|2 SNKKA
|9 164753
|
| 650 |
0 |
7 |
|a pediatria
|2 SNKPH
|9 912
|
| 655 |
|
7 |
|a firemné časopisy
|2 SNKPH
|9 76220
|
| 655 |
|
7 |
|a informačné publikácie
|2 SNKPH
|9 70181
|
| 700 |
1 |
|
|a Laho, Ladislav,
|d 1952-
|4 pbd
|9 218444
|
| 700 |
1 |
|
|a Nosko, Ján,
|d 1961-
|4 pbd
|9 218364
|
| 710 |
2 |
|
|a Detská fakultná nemocnica s poliklinikou (Banská Bystrica, Slovensko)
|4 pbl
|9 164753
|
| 910 |
|
|
|a snk
|
| 958 |
|
|
|a OND
|
| 999 |
|
|
|c 9841
|d 11771
|
| 952 |
|
|
|0 0
|1 0
|4 0
|7 0
|8 0
|a SNK
|b SNK
|d 2017-06-14
|i snk2017/13861
|l 0
|o snkČSB 6443/[1]/2006
|p 17A1207078
|r 2026-02-21 22:18:12
|t č. 1
|w 2026-02-21
|y PREZ
|
| 952 |
|
|
|0 0
|1 0
|4 0
|7 0
|8 0
|a SNK
|b SNK
|d 2017-06-14
|i snk2017/13866
|l 0
|o snkČSB 6443/2/2007
|p 17A1207079
|r 2026-02-21 22:18:13
|t č. 1-3
|w 2026-02-21
|y PREZ
|
| 952 |
|
|
|0 0
|1 0
|4 0
|7 0
|8 0
|a SNK
|b SNK
|d 2017-06-14
|i snk2017/13871
|l 0
|o snkČSB 6443/3/2008
|p 17A1207080
|r 2026-02-21 22:18:13
|t č. 1-3
|w 2026-02-21
|y PREZ
|